00509nam a2200193 a 4500001001300000003000900013005001700022008004100039020002300080082001600103100002300119245002500142260004100167300000900208500003500217505001800252650002200270700002300292nice12345678IN_TiNIC20260116014503.0070822s2007 dela grp 000 0 eng  a8189886029 c58000a956.94bIBR aIbrahim, K M Sajad aPalestinian Distress aDelhi bAbhijeet Publications c2007 a244p aincludes index and biblioraphy2 abiblio, index aPalestine-History1 aIbrahim, K M Sajad